Радиационные модели полупроводниковых приборов: Электронный ресурс; Ядерная и радиационная физика, ICNRP-2013

Bibliografske podrobnosti
Parent link:Ядерная и радиационная физика, ICNRP-2013.— 2013.— [С. 101-102]
Glavni avtor: Градобоев А. В. Александр Васильевич
Corporate Authors: Национальный исследовательский Томский политехнический университет (ТПУ) Юргинский технологический институт (филиал) (ЮТИ) Кафедра естественного научного образования (ЕНО), Национальный исследовательский Томский политехнический университет (ТПУ) Юргинский технологический институт (филиал) (ЮТИ) Кафедра безопасности жизнедеятельности, экологии и физического воспитания (БЖДЭФВ)
Drugi avtorji: Скаков М. К., Орлова К. Н. Ксения Николаевна
Izvleček:Заглавие с экрана
Jezik:ruščina
Izdano: 2013
Teme:
Online dostop:http://www.inp.kz/konferencii/sbornik-tezisov-icnrp-2013/view
Format: Elektronski Book Chapter
KOHA link:https://koha.lib.tpu.ru/cgi-bin/koha/opac-detail.pl?biblionumber=640814

MARC

LEADER 00000naa0a2200000 4500
001 640814
005 20250602170408.0
035 |a (RuTPU)RU\TPU\network\5405 
035 |a RU\TPU\tpu\25685 
090 |a 640814 
100 |a 20150426d2013 k y0rusy50 ca 
101 0 |a rus 
102 |a KZ 
135 |a drcn ---uucaa 
181 0 |a i  
182 0 |a b 
200 1 |a Радиационные модели полупроводниковых приборов  |e Электронный ресурс  |f А. В. Градобоев, М. К. Скаков, К. Н. Орлова 
203 |a Текст  |c электронный 
300 |a Заглавие с экрана 
320 |a [Библиогр.: с. 102 (4 назв.)] 
463 |t Ядерная и радиационная физика, ICNRP-2013  |l Nuclear and radiation physics : 9th Interntional conference, Almaty, Kazakhstan, September 24-27, 2013 : abstracts  |v [С. 101-102]  |o тезисы докладов 9-ой Международной конференции, Алматы, Казахстан, 24-27 сентября 2013 г.  |f Министерство индустрии и новых технологий Республики Казахстан, Комитет по атомной энергии ; Институт ядерной физики (ИЯФ) ; Национальный ядерный центр Республики Казахстан (РГП НЯЦ РК)  |d 2013 
610 1 |a труды учёных ТПУ 
610 1 |a электронный ресурс 
610 1 |a полупроводниковые приборы 
610 1 |a радиационная стойкость 
610 1 |a модели 
700 1 |a Градобоев  |b А. В.  |c физик  |c профессор Юргинского технологического института (филиала) Томского политехнического университета, доктор технических наук  |f 1952-  |g Александр Васильевич  |3 (RuTPU)RU\TPU\pers\24213  |9 10707 
701 1 |a Скаков  |b М. К. 
701 1 |a Орлова  |b К. Н.  |c физик  |c доцент Юргинского технологического института (филиала) Томского политехнического университета, кандидат технических наук  |f 1985-  |g Ксения Николаевна  |3 (RuTPU)RU\TPU\pers\28212  |9 13166 
712 0 2 |a Национальный исследовательский Томский политехнический университет (ТПУ)  |b Юргинский технологический институт (филиал) (ЮТИ)  |b Кафедра естественного научного образования (ЕНО)  |3 (RuTPU)RU\TPU\col\18894 
712 0 2 |a Национальный исследовательский Томский политехнический университет (ТПУ)  |b Юргинский технологический институт (филиал) (ЮТИ)  |b Кафедра безопасности жизнедеятельности, экологии и физического воспитания (БЖДЭФВ)  |3 (RuTPU)RU\TPU\col\18930 
801 1 |a RU  |b 63413507  |c 20140917 
801 2 |a RU  |b 63413507  |c 20150516  |g RCR 
850 |a 63413507 
856 4 0 |u http://www.inp.kz/konferencii/sbornik-tezisov-icnrp-2013/view 
942 |c CF